Ajngáa me´phaa : (Record no. 203465)

MARC details
000 -CABECERA
campo de control de longitud fija 00965cam a2200277 a 4500
003 - IDENTIFICADOR DEL NÚMERO DE CONTROL
campo de control MX-MxUPN
005 - FECHA Y HORA DE LA ÚLTIMA TRANSACCIÓN
campo de control 20241015160834.0
008 - ELEMENTOS DE LONGITUD FIJA--INFORMACIÓN GENERAL
campo de control de longitud fija 190617s2000 mx a br 000 0 spa d
020 ## - NÚMERO INTERNACIONAL NORMALIZADO PARA LIBROS
Número Internacional Estándar del Libro 970185733X
035 ## - NÚMERO DE CONTROL DEL SISTEMA
Número de control de sistema UPN01000231370
040 ## - FUENTE DE LA CATALOGACIÓN
Centro catalogador/agencia de origen MX-MxUPN
Lengua de catalogación spa
041 #4 - CÓDIGO DE IDIOMA
Código de lengua del texto/banda sonora o título independiente Tlapaneca
050 #4 - SIGNATURA TOPOGRÁFICA DE LA BIBLIOTECA DEL CONGRESO
Número de clasificación LB1578.333 T5
Número de documento/Ítem A464 2000
245 10 - MENCIÓN DE TÍTULO
Título Ajngáa me´phaa :
Resto del título libro de literatura en lengua tlapaneca de Guerrero
250 ## - MENCIÓN DE EDICIÓN
Mención de edición Primera edición
260 ## - PUBLICACIÓN, DISTRIBUCIÓN, ETC.
Lugar de publicación, distribución, etc. México, D.F. :
Nombre del editor, distribuidor, etc. Secretaría de Educación Pública, Dirección General de Educación Indígena ,
Fecha de publicación, distribución, etc. 2000.
300 ## - DESCRIPCIÓN FÍSICA
Extensión 172 páginas :
Otras características físicas ilustraciones a color
650 #4 - ASIENTO SECUNDARIO DE MATERIA - TERMINO TEMATICO
9 (RLIN) 8361
Término de materia o nombre geográfico como elemento de entrada Cartilla tlapaneca
650 #4 - ASIENTO SECUNDARIO DE MATERIA - TERMINO TEMATICO
9 (RLIN) 15337
Término de materia o nombre geográfico como elemento de entrada Indígenas de México
Subdivisión geográfica Guerrero
Subdivisión general Lenguas
650 #4 - ASIENTO SECUNDARIO DE MATERIA - TERMINO TEMATICO
9 (RLIN) 54134
Término de materia o nombre geográfico como elemento de entrada Tlapaneca
Subdivisión general Estudio y enseñanza (Elemental)
700 1# - ASIENTO SECUNDARIO--NOMBRE DE PERSONAL
9 (RLIN) 54136
Nombre de persona Bautista Ventura, Renato
Término indicativo de función/relación compilación
902 ## - ELEMENTOS DE DATOS B LOCAL, LDB (RLIN)
Modificó VíctorGodínez/151024
905 ## - TIPO DE MATERIAL
Tipo de material Libro
942 ## - ELEMENTOS DE PUNTO DE ACCESO ADICIONAL (KOHA)
Fuente del sistema de clasificación o colocación Library of Congress Classification
Tipo de ítem Koha Libro
Holdings
Estado de retiro Estado de pérdida Fuente del sistema de clasificación o colocación Estado dañado No para préstamo Código de colección Localización permanente Ubicación/localización actual Ubicación en estantería Fecha de adquisición Clasificación Código de barras Fecha visto por última vez Tipo de ítem Koha
    Library of Congress Classification   Disponible (Préstamo en sala) Libros de texto gratuitos Bib. Gregorio Torres Quintero Bib. Gregorio Torres Quintero Colecciones especiales Planta alta 15/10/2024 LB1578.333 T5 A464 2000 331573 31/12/2020 Libro